000 00589cab a2200241 4500
001 X2022
008 090401t1995 xxu||||| |||| 00| 0 eng d
035 _a(Sirsi) u21227
041 _aeng
245 _aDigital mapping yet to make an impact
260 _c1995
350 _a0
490 _aCSM (Chartered Surveyor Monthly)
_v4(4) February 1995, 49(1)
650 _aDIGITAL DATA
650 _aGIS
650 _aGIS
650 _aMAP USERS SURVEY
650 _aMAPPING
650 _aORDNANCE SURVEY
690 _aMAPPING AND MEASUREMENT
942 _n0
948 _c04/03/1997
999 _c14248
_d14248